000 00316nam a2200133Ia 4500
005 20251222141935.0
008 251222s9999||||xx |||||||||||||| ||spa||
020 _a84-7584-289-5
082 _a372.6/L26
100 _aRodríguez, María Luisa
245 0 _aDéjame Que Te Cuente:
264 _bLaertes
942 _cLIB
999 _c9151
_d9151